Design and form: The basic course at the Bauhaus (Record no. 25768)

MARC details
000 -LEADER
fixed length control field 00301nam a2200109Ia 4500
082 ## - DEWEY DECIMAL CLASSIFICATION NUMBER
Classification number 072.011
Item number ITT
100 ## - MAIN ENTRY--AUTHOR NAME
Personal name Itten, Johannes
245 #0 - TITLE STATEMENT
Title Design and form: The basic course at the Bauhaus
260 ## - PUBLICATION, DISTRIBUTION, ETC. (IMPRINT)
Place of publication London
Name of publisher Thames and Hudson
Year of publication 1963
942 ## - ADDED ENTRY ELEMENTS (KOHA)
Koha item type Books
Holdings
Withdrawn status Lost status Damaged status Not for loan Home library Current library Date acquired Cost, normal purchase price Full call number Accession Number Koha item type
        RRII Library RRII Library 16/12/2021 3.25 072.011 ITT 06420 Books